| 000 | 00418cam a2200169ua 4500 | ||
|---|---|---|---|
| 020 | _c2.50 | ||
| 041 |
_aeng _h |
||
| 082 |
_a294.59218 _bDIW/UP |
||
| 100 | _aDiwakar, R.R . | ||
| 245 |
_aUpanishaths in story and dialogue / _cR.R.Diwakar. _hTextual Documents |
||
| 260 |
_a : _bBhavan`s book university , _c1961. |
||
| 300 | _a140 ; . | ||
| 365 | _a2.50 | ||
| 504 | _a | ||
| 942 | _cBK | ||
| 999 |
_c1626 _d1626 |
||